| 000 | 01344nam a2200385 c 4500 | ||
|---|---|---|---|
| 001 | 24283 | ||
| 003 | ES-MaCES | ||
| 005 | 20141221122911.0 | ||
| 008 | 120216s2011 sp d t o000 | spa d | ||
| 017 |
_aVA 810-2011 _bDL |
||
| 020 | _a9788495308509 | ||
| 035 | _aCES20120001269m | ||
| 040 |
_aES-MaCES _bspa _cES-MaCES |
||
| 245 | 0 | 0 |
_aEvolución de la inserción laboral de las mujeres en Castilla y León _b: informe a iniciativa propia IIP 2-11 _cConsejo Económico y Social de Castilla y León |
| 260 |
_aValladolid _bCES _c[2011] |
||
| 300 |
_a381 p. _bgráf. col. _c24 cm |
||
| 504 | _aBibliografía: p. 227-235 | ||
| 541 | _cGratuito | ||
| 650 | 4 |
_amujeres _928657 |
|
| 650 | 4 |
_amercado de trabajo _928292 |
|
| 650 | 4 |
_ainserción profesional _929942 |
|
| 650 | 4 |
_aanálisis del mercado de mano de obra _930745 |
|
| 650 | 4 |
_asegmentación del mercado de trabajo _929566 |
|
| 650 | 4 |
_aempleo precario _930171 |
|
| 650 | 4 |
_aconciliación _927303 |
|
| 650 | 4 |
_aresponsabilidades familiares _930598 |
|
| 650 | 4 |
_aCastilla y León _930782 |
|
| 650 | 4 |
_arepertorio de recomendaciones prácticas _929261 |
|
| 650 | 4 |
_ainforme _928986 |
|
| 653 | 1 | 0 | _aMujer |
| 710 | 2 |
_aConsejo Económico y Social (Castilla y León) _92405 |
|
| 902 | _aLIB Libro | ||
| 942 |
_2CES _cBK _h3.3. |
||
| 999 |
_c24283 _d24283 |
||